01017nam a2200169 a 4500008004100000020001500041050001500056245005900071246007100130260005400201350000900255995014900264995014900413999001700562952013400579952013400713120416s1992 ||||||||||||||||| || u a0852988036 aTJ 755 Com10aProceedings of the Institution of mechanical engineers acombustion in engines technology, applications and the environment aLondonbInstitute of Mechanical Engineeringc1992 a0.00 aMAIN LIBRARY OPEN ACCESSD0.00e727850FCBU-MAIN LIBRARY (Kitwe)H2I0.00jTJ 755 ComM2UAVAILABLEy023943ZMain Library Open Access Collection aMAIN LIBRARY OPEN ACCESSD0.00e729849FCBU-MAIN LIBRARY (Kitwe)H1I0.00jTJ 755 ComM1UAVAILABLEy023937ZMain Library Open Access Collection c77208d77208 00102lcc4070a001b001cMain Library Open Access Collectiond2023-04-25l0oTJ 755 Comp023943r2023-04-25t1w2023-04-25y002 00102lcc4070a001b001cMain Library Open Access Collectiond2023-04-25l0oTJ 755 Comp023937r2023-04-25t2w2023-04-25y002